Statistics for Colors of the Dominican Flag

Click here to take the quiz!

General Stats

  • This quiz has been taken 33 times
  • The average score is 6 of 7

Answer Stats

Answer% Correct
Red
100%
White
96%
Green
93%
Black
89%
Yellow
89%
Purple
74%
Brown
52%

Score Distribution

Percentile by Number Answered

Percent of People with Each Score

Your Score History

You have not taken this quiz